000 00292nam a2200109Ia 4500
008 200302s9999 xx 000 0 und d
100 _aMarkus Sebastian Braun
245 _aFacades Architectural Details
260 _bVerlag der Buchhandlung Walther Konig ,
260 _c2008
300 _a160 P.,
999 _c3001
_d3001